[Event "Moscow Aeroflot op"]
[Site "Moscow"]
[Date "2002.02.09"]
[Round "8"]
[White "Lastin, Alexander"]
[Black "Vokarev, Sergey"]
[Result "1-0"]
[WhiteElo "2630"]
[BlackElo "2507"]
[Annotator "Tsesarsky,I"]
[PlyCount "59"]
[EventDate "2002.02.04"]
[EventType "swiss"]
[EventRounds "9"]
[EventCountry "RUS"]
[SourceTitle "CBM 088"]
[Source "ChessBase"]
[SourceDate "2002.03.21"]
[SourceVersion "1"]
[SourceVersionDate "2002.03.21"]
[SourceQuality "1"]

1. e4 c5 2. Nf3 Nc6 3. d4 cxd4 4. Nxd4 g6 5. Nc3 Bg7 6. Be3 Nf6 7. Bc4 Qa5 8.
O-O O-O 9. Bb3 d6 10. h3 Bd7 11. Re1 Rfe8 12. Qd2 (12. Qe2 Nxd4 (12... Qh5 13.
Qc4 (13. Qd2 Na5 14. Rad1 Rac8 15. Nde2 Nc4 16. Bxc4 Rxc4 17. Qd3 Rec8 18. Bxa7
Qa5 19. Bd4 $14 {1-0 Hernandez,G-Soppe,G/Internet ICC 2000/EXT 2001 (34)})
13... Ne5 14. Qf1 Nc6 15. Nde2 Qa5 16. f4 Qc7 17. Qf2 $14 {1/2-1/2 Bologan,
V-Nielsen,P/Germany 1998/GER-chT (43)}) 13. Bxd4 Bc6 (13... Be6 14. Rad1 Rac8
15. Qe3 b6 16. Nd5 Bxd5 17. exd5 Nd7 18. Bxg7 Kxg7 19. Rd4 Qc5 20. Re4 Qxe3 21.
R4xe3 $14 {1/2-1/2 Vogt,L-Roizman,A/Minsk 1969/EXT 2001 (40)}) 14. Rad1 Rac8 (
14... Qh5 15. Qd3 Nd7 16. Qc4 g5 17. Nd5 $14 {1/2-1/2 Hernandez,G-Campos
Moreno,J/Andorra AND 2001/The Week in Chess 349 (40)}) 15. f3 a6 16. Qf2 Nd7
17. Kh1 Nc5 $132 {1-0 Hennings,A-Bellon Lopez,J/Kapfenberg 1970/EU-chT (49)}) (
12. Qd3 Rac8 13. f4 Nb4 14. Qf1 Na6 15. Rad1 Nc7 $14 (15... Rxc3 $4 16. Bd2 Qb6
(16... e5 17. fxe5 dxe5 18. Bxc3 $18) 17. Bxc3 e5 18. fxe5 dxe5 19. Qf2 $18 {
1-0 Lanka,Z-De la Riva Aguado,O/Montpellier 2000/EXT 2001 (38)}) (15... Nc5 16.
e5 Nfe4 17. Nxe4 Nxe4 18. e6 $16)) 12... Qh5 $6 {This novelty can be explained
only by Black's unwillingness to force draw...} ({To equal position leads by
force strong} 12... Nxe4 $1 {[%mdl 4]} 13. Nxc6 (13. Nxe4 Qxd2 $17) 13... Qxc3
$1 (13... Bxc3 14. Qxc3 Qxc3 15. Nxe7+ Rxe7 16. bxc3 Nxc3 17. Bd4 Rxe1+ 18.
Rxe1 Nb5 19. Re7 Nxd4 20. Bxf7+ Kg7 21. Rxd7 $16 {1/2-1/2 Anka,E-Kiss,P/
Dortmund 1988/TD (40)}) 14. bxc3 Nxd2 15. Nxe7+ Rxe7 16. Bxd2 Rxe1+ (16... Rae8
17. Rxe7 Rxe7 18. Be3 (18. Re1 Rxe1+ 19. Bxe1 Kf8 $15 {0-1 Movsesian,S-Soppe,G/
Internet ICC 2000/EXT 2001 (44)}) 18... Bxc3 19. Rd1 a5 20. Rxd6 Be5 21. Rd1
Bc6 $11 {1/2-1/2 Klug,R-Stanisic,L/AUT 1992/EXT 97 (60)}) 17. Rxe1 Be5 (17...
Bc6 18. Re7 d5 $15 {1/2-1/2 Kristiansen,J-Borge,N/DEN-ch 1996/CBM 53 (28)}) 18.
Rd1 Bc6 19. Be3 a5 20. a4 b5 21. axb5 Bxb5 22. c4 Bc6 23. f4 Bc3 24. Rxd6 Rc8
25. c5 a4 $44 {1/2-1/2 Moroz,A-Alterman,B/Lvov 1988/EXT 2000 (36)}) (12... Rad8
$5 13. Rad1 Nxd4 14. Bxd4 Bc6 15. Qe3 Nd7 16. Qf4 (16. Nd5 e6 17. Bxg7 Kxg7 18.
Qc3+ Qxc3 19. Nxc3 Nc5 $11 {1/2-1/2 Wimmer,H-Kraft,V/Bayern 1988/EXT 97 (35)})
(16. Qf3 Rf8 17. Bxg7 Kxg7 18. Nd5 e6 19. Nf4 Qe5 20. Nd3 Qg5 21. Nb4 $11 {
1/2-1/2 Bielczyk,J-Baumbach,F/Warsaw 1988/EXT 97 (21)}) 16... Rf8 17. Bxg7 Kxg7
18. Nd5 e6 19. Ne3 Qe5 20. Qxe5+ dxe5 21. Nc4 Kf6 $11 {1/2-1/2 Mitkov,
N-Dunnington,A/Toulouse 1996/CBM 57 ext (42)}) 13. Nf3 Ne5 14. Nxe5 Qxe5 15.
Qd3 (15. Bd4 $14) 15... Bc6 (15... Qa5 16. Bd4 Rac8 17. Rad1 $14 {1/2-1/2 Ree,
H-Sosonko,G/Wijk aan Zee 1976/MCD (23)}) 16. Bd4 (16. Bd5 Nxd5 17. exd5 Bd7 18.
Qd2 (18. Bxa7 $14) 18... Qh5 19. Ne4 (19. Bd4 Bh6 $132) 19... Qe5 20. Nc3 Qh5
$14 {0-1 Golubev,M-Tutunnik,V/UKR 1999/EXT 2001 (24)}) 16... Qg5 17. Rad1 {
White can be satisfied by opening results. Black missed very strong Ne4
capture and White keeps slight advantage.} Nd7 18. Bxg7 Kxg7 19. Nd5 Bxd5 (
19... Ne5 20. Qd4 Kg8 {[%cal Ge5f3]} 21. Re3 Bxd5 22. exd5 $16 {[%cal Gf2f4]})
({Better looks} 19... Rac8 20. f4 (20. Qd4+ Qe5 21. Qxa7 (21. Qxe5+ dxe5 22. c3
Nc5 $11) 21... Qxb2 22. Rb1 Qe5 $132) 20... Qh4 21. Qd4+ Kg8 22. Qf2 Qxf2+ 23.
Kxf2 Nc5 24. c3 $14 {White has space advantage, but Black hasn't weaknesses,
so his position is rather reliable.}) 20. Bxd5 Qe5 21. c3 Nf6 $2 $16 {Serious
mistake based on wrong variations calculation.} (21... Rab8 $142 22. f4 Qxf4 (
22... Qf6 23. Qg3 Red8 24. Re2 $14) 23. Rf1 Qh4 24. Rxf7+ Kh8 25. Qd4+ Ne5 26.
Rdf1 $14) 22. Bxb7 $1 Rab8 {[%csl Rb2][%cal Gb8b2]} 23. Qa6 $1 {[%cal Ge1e2,
Ge2b2]} e6 24. Qxa7 Qb5 25. Ba6 Qxb2 26. Bc4 Qxc3 $2 $18 ({More stubborn was} 
26... d5 27. exd5 exd5 28. Rxe8 Rxe8 29. Bxd5 Nxd5 30. Rxd5 Qxc3 31. Rd1 $16)
27. Bxe6 $3 {This unexpected tactical impact obviously was overlooked by Black.
His defence is crashed...} Rf8 28. Bb3 Rbe8 29. Qd4 Qa5 30. Re3 1-0

[Event "Zhong Hong Real Estate Cup"]
[Site "Beijing"]
[Date "2001.07.30"]
[Round "11"]
[White "Zhang, Pengxiang"]
[Black "Ni, Hua"]
[Result "1/2-1/2"]
[WhiteElo "2487"]
[BlackElo "2568"]
[Annotator "Tsesarsky,I"]
[PlyCount "60"]
[EventDate "2001.07.20"]
[EventType "tourn"]
[EventRounds "11"]
[EventCountry "CHN"]
[EventCategory "10"]
[SourceTitle "CBM 085"]
[Source "ChessBase"]
[SourceDate "2001.11.13"]
[SourceVersion "1"]
[SourceVersionDate "2001.11.13"]
[SourceQuality "1"]

1. e4 c5 2. Nf3 Nc6 3. Nc3 g6 4. d4 cxd4 5. Nxd4 Bg7 6. Be3 Nf6 7. Bc4 O-O 8.
Bb3 a5 9. f3 d5 10. Bxd5 Nxd5 11. Nxd5 f5 12. Nxc6 bxc6 13. Nb6 Rb8 14. Qxd8
Rxd8 15. Rd1 Rxd1+ 16. Kxd1 fxe4 ({Another mainline here is} 16... Bxb2 $5 17.
Nxc8 Rxc8 18. exf5 gxf5 19. Ke2 {This endgame - directly from the opening -
was played many times:} Be5 (19... Kf7 20. Rb1 Be5 21. f4 Bd6 22. a4 Rg8 23. g3
Rg6 (23... Bb4 $11) 24. Bd2 Rh6 25. Bxa5 (25. h4 Re6+ 26. Kd3 Bc7 27. Rb7 Bd8
$11) 25... Rxh2+ $132 {1/2-1/2 Diaz,J-Hernandez,R/Havana 1990/EXT 2000 (32)}) (
19... Ba3 20. Rb1 Bb4 21. Kd3 $1 {better than} (21. g4 Kf7 22. Rg1 Rg8 23. a4
Bd6 24. gxf5 Rxg1 25. Bxg1 Kf6 26. Bb6 Bxh2 27. Bxa5 Kxf5 28. Bb6 Ke6 29. a5
Kd7 30. a6 Kc8 $11 {1/2-1/2 Mitkov,N-Cebalo,M/Cannes 1996/EXT 98 (38)}) 21...
Kf7 22. Kc4 Rg8 23. g3 Rg6 24. Bc5 Bxc5 25. Kxc5 Rh6 26. Rh1 $14 {1-0 Mitkov,
N-Fernandes,A/Elista 1998/CBM 66 ext (42)}) 20. Rb1 (20. f4 Bd6 21. Rb1 Kf7 (
21... Rb8 22. Rxb8+ Bxb8 23. Kd3 Kf7 24. Kc4 Ke6 $11 {1-0 Sandor,C-Seres,L/
Budapest 1996/CBM 52 ext (50)}) 22. Rb7 (22. Rb6 a4 23. c4 e5 24. fxe5 Bxe5 25.
g3 $14 {1-0 Areshchenko,A-Nakonechny,S/Nikolaev UKR 2001/The Week in Chess 356
(35)}) 22... Rb8 (22... Rg8 23. g3 Rb8 $1 $11 (23... Ke6 $2 24. Ra7 Bb4 25. Ra6
Kd7 26. a3 Bd6 27. Rxa5 $18 {1/2-1/2 Polzin,R-Sandor,C/Werfen 1993/EXT 97 (41)}
)) 23. Rxb8 Bxb8 $11 (23... Bxb8 24. Kd3 Ke6 25. Kc4 Kd7 $11 {1-0 Zezulkin,
J-Wojtkiewicz,A/Zakopane 2000/CBM 78 ext (45)})) 20... Bxh2 21. g3 e5 22. Bf2
f4 23. g4 Bg3 24. Bc5 Re8 25. Rb6 Re6 26. Ra6 e4 27. Rxa5 exf3+ 28. Kxf3 $14 {
1/2-1/2 Georgiev,K-Van der Wiel,J/Wijk aan Zee 1989/CBM 11 (82)}) 17. Nxc8 (17.
fxe4 {Was happened in well-known game:} Bxb2 18. Nxc8 Rxc8 19. Ke2 Be5 20. Rb1
Bxh2 21. a4 Bc7 22. Rb7 Kf7 23. Ra7 $44 {1/2-1/2 Ivanchuk,V-Polgar,Z/Monte
Carlo 1994/CBM 40 ext (32)}) 17... Rxc8 18. b3 (18. fxe4 Bxb2 19. Ke2 Be5 $11 {
1/2-1/2 Hartikainen,M-Kochyev,A/Helsinki 1996/EXT 98 (55)}) 18... exf3 19. gxf3
Kf7 $5 $146 {Only this move is novelty!} ({In all another games Black played} 
19... a4 {in order to exchange weak Pa5.} 20. Kd2 (20. Re1 Ra8 21. Re2 Kf7 22.
Bc5 e6 23. Rd2 Ke8 24. Ke2 Be5 25. Ke3 g5 26. Ke4 Bf4 $11 {1-0 Comp MChess
Pro-Polgar,Z/The Hague 1995/EXT 99 (48)}) (20. Rg1 Ra8 21. Rg4 axb3 22. axb3
Kf7 23. Ke2 Ke6 $11 {1/2-1/2 Zezulkin,J-Feige,M/Bayern 1999/EXT 2001 (60)})
20... Kf7 21. Kd3 Ra8 (21... Be5 22. h3 Bd6 23. Kc4 Ke6 24. Re1 {1/2-1/2
Polzin,R-Vogt,L/AUT 1998/EXT 2000 (24)}) 22. b4 Rd8+ 23. Kc4 Rd5 24. Rf1 Rh5
25. Rf2 $11 {1/2-1/2 Lanc,A-Michenka,J/Bratislava 1991/EXT 97 (29)}) 20. Ke2 (
20. a4 Rd8+ 21. Ke2 Bc3 $11) 20... Be5 (20... a4 $5 $11) 21. a4 $1 {[%csl Ra5]}
Ke6 22. Bb6 ({Interesting was} 22. h4 $5 h5 23. Bd2 Ra8 24. Rg1 Kf7 25. Rg5 (
25. Ke3 Bf6 26. Be1 Ra7 $1 {[%cal Ga7d7]} 27. Ke4 Rd7 $11) 25... Bf6 26. Rxa5
Rxa5 27. Bxa5 Bxh4 $14) 22... Ra8 23. Kd3 Bd6 24. Bf2 (24. h4 Rf8 $132) 24...
Rf8 25. Ke2 Rf5 26. h4 Re5+ 27. Kd3 Rd5+ 28. Ke2 Re5+ 29. Kd3 Rd5+ 30. Ke2 Re5+
{This opening variation confirmed it's reliability in this game too.} 1/2-1/2

[Event "EU-Cup 18th"]
[Site "Kallithea"]
[Date "2002.09.28"]
[Round "7.5"]
[White "Kuzmin, Gennadi P"]
[Black "Apicella, Manuel"]
[Result "1-0"]
[WhiteElo "2512"]
[BlackElo "2510"]
[Annotator "Tsesarsky,I"]
[PlyCount "75"]
[EventDate "2002.09.22"]
[EventType "team-swiss"]
[EventRounds "7"]
[EventCountry "GRE"]
[SourceTitle "CBM 092"]
[Source "ChessBase"]
[SourceDate "2003.02.06"]
[SourceVersion "1"]
[SourceVersionDate "2003.02.06"]
[SourceQuality "1"]
[WhiteTeam "Donetsk"]
[BlackTeam "Clichy Echecs 92"]
[WhiteTeamCountry "UKR"]
[BlackTeamCountry "FRA"]

1. e4 c5 2. Nf3 Nc6 3. Nc3 g6 4. d4 cxd4 5. Nxd4 Bg7 6. Be3 Nf6 7. Bc4 O-O 8.
Bb3 a5 9. O-O a4 10. Nxa4 Nxe4 11. Nb5 Ra6 12. c4 d6 13. Qe2 Be6 $1 {Looks the
best move. See other possibilities below:} (13... Nf6 14. h3 $1 {preventing
Bc8-g4.} (14. Rad1 $6 Bg4 $1 (14... Be6 15. Nc5 Ra8 16. Nxe6 fxe6 17. Bg5 $16 {
1-0 Bartel,M-Saric,A/Peniscola ESP 2002/The Week in Chess 414 (26)}) 15. f3 Bd7
16. Rfe1 (16. c5 $14) 16... Re8 17. c5 Na5 18. cxd6 (18. Bc2 $14) 18... Nxb3
19. axb3 Bxb5 20. Qxb5 Rxd6 21. Rxd6 exd6 (21... Qxd6 22. Qxb7 Rb8 23. Qa7 e6
$44) 22. Qxb7 $44 {1-0 Guseinov,K-Murashko,V/Alushta UKR 2001/The Week in
Chess 364 (42)}) (14. c5 $6 d5 15. Rad1 Na5 16. Bc2 Nc4 17. Bc1 Qa5 18. Nbc3 (
18. Nac3 $132) 18... Re6 19. Qf3 b5 20. cxb6 Nxb6 21. Nxb6 Rxb6 $11 {1/2-1/2
Meessen,R-Jadoul,M/Belgium BEL 2002/The Week in Chess 423 (24)}) (14. Rfd1 Bd7
(14... Bg4 $5) 15. Nac3 Qb8 16. h3 $14 {-see comments to the game 0-1 Svidler,
P-Topalov,V/Linares 1999/CBM 70 [Alterman,B](36)}) 14... Be6 (14... Bf5 15.
Rad1 Na5 16. Rfe1 Nxb3 17. axb3 Bd7 18. Nac3 Re8 19. Bg5 Bc6 20. b4 Ra8 21. Nd4
Qb6 22. b5 Bd7 23. Bxf6 exf6 24. Nd5 Qd8 25. Qd2 $16 {1-0 Pavlovic,M-Vogt,L/
Zurich 2000/EXT 2001 (28)}) 15. Rad1 Qb8 16. Nb6 (16. c5 $6 Bxb3 17. axb3 dxc5
18. Nxc5 Ra8 19. Bg5 Qe5 20. Qxe5 Nxe5 $132 {1/2-1/2 Van den Doel,E-Istratescu,
A/Korinthos 2000/EXT 2001 (46)}) 16... Ne5 (16... Rd8 17. Nd5 Ne8 18. Bg5 Bf8
19. f4 Ng7 20. Ndc7 $16 {1-0 Kosintseva,T-Andreeva,N/Varna BUL 2002/The Week
in Chess 395 (48)}) 17. Nd5 $16 {-see comments to the game 1-0 Nataf,
I-Stanojoski,Z/Batumi 1999/CBM 74[Alterman,B] (52)}) 14. Rad1 ({White can win
an exchange by} 14. Bb6 Rxb6 15. Nxb6 Qxb6 16. Qxe4 Bxb2 {but no open lines
and P is good compensation for the exchange.} 17. Rad1 Bg7 18. Qe2 $44 {
1-0 Cheparinov,I-Schuurman,P/Hoogeveen NED 2002/The Week in Chess 415 (38)})
14... Na5 $1 ({Loses} 14... Ne5 $2 15. Bd4 {[%csl Re4]} f5 $8 16. f3 Rxa4 17.
Bxa4 Qa5 18. Bb3 {1-0 Yagupov,I-Zavgorodniy,S/Alushta UKR 2002/The Week in
Chess 414 (18)}) 15. f3 Nxb3 16. axb3 Nf6 17. Nc5 Ra8 18. Bf2 $6 $11 ({Worth
of attention} 18. Nxe6 $5 fxe6 19. Bd4 Qc8 20. f4 $14) 18... Bd7 $6 $14 ({
Better was to retreat:} 18... Bc8 $1 19. Bd4 Ne8 $1 $132) 19. Nxd7 Qxd7 20.
Rfe1 Rfe8 21. Nc3 Qc6 22. b4 $1 Rac8 (22... Nd7 23. b5 Qc8 24. Nd5 e6 25. Nc3 {
[%csl Rd6]} Qc7 26. Ne4 Be5 27. Bg3 {[%csl Rd6]} Bxg3 28. hxg3 d5 29. cxd5 exd5
30. Rxd5 Re6 (30... f5 31. Rxd7 $18) 31. Qd2 Ne5 32. Qc3 $14) 23. b3 Ng4 24. b5
(24. Bd4 Bxd4+ 25. Rxd4 Nf6 26. Qd2 $14) 24... Qd7 25. Bd4 Bxd4+ 26. Rxd4 Nf6
27. Qd2 {White has steady advantage. He puts pressure on the open lines e and
d. Black has no counterplay, he needs to wait for White's activity and to
prevent threats.} h5 $6 {Unnecessary weakening of K residence.} 28. h3 Kg7 29.
Kh1 Qc7 30. Nd5 Nxd5 31. Rxd5 Ra8 $6 $16 ({It was necessary to prevent breaks
by} 31... b6 32. f4 {[%cal Gf4f5]} {and} f5 33. Re6 Kf7 34. Qe1 Qd7 35. Re3 $14
) 32. f4 {[%cal Gf4f5]} f5 (32... b6 33. f5 $16) 33. c5 $1 {Decisive break.}
dxc5 $2 $18 {Now position of Black became hopeless.} (33... Kf7 34. b4 $16) (
33... Rad8 34. cxd6 exd6 35. Rxe8 Rxe8 36. Rxd6 Qf7 37. Kh2 Kh7 38. b6 $16) 34.
Rd7 {[%csl Re7,Rg7] This invasion is unbearable.} Qa5 ({Or} 34... Qb6 35. Qc3+
Kf7 36. Qc4+ Kf6 37. b4 Rac8 (37... cxb4 38. Qxb4 $18 {[%csl Re7,Rf6]}) 38. Qe2
$18) 35. Qe3 $4 $11 {Allows Black to escape.} ({Easily wins} 35. Rdxe7+ Rxe7
36. Rxe7+ Kh6 37. Qf2 $18 Qa1+ (37... Qxb5 38. Qg3 $18 {[%csl Rh6][%cal Gg3g5]}
) 38. Kh2 Qf6 39. Rxb7 Rc8 40. Qe3 (40. h4 Qd6 41. Qg3 Rc7 42. Rxc7 Qxc7 43.
Qe3 $18) 40... Qd6 41. Rf7 $18 {[%cal Ge3g3]}) 35... Kh6 $4 $18 ({Black misses
the opportunity of successful resistance:} 35... Qxb5 $1 {and White can't win:}
36. Qe5+ (36. Rxe7+ Rxe7 37. Qxe7+ Kg8 38. Qf6 Qa6 $3 39. Qe7 (39. Re6 Qa1+ $17
{[%csl Rf6,Rh1][%cal Ga1h1,Ga1f6]}) 39... Qb5 40. Kh2 Qb4 $11 {[%csl Rf4]})
36... Kh7 37. Qc7 (37. Qd5 Qb4 {[%csl Re1,Rf4]} 38. Rexe7+ Rxe7 39. Rxe7+ Kh6
40. Qe5 Qd4 41. Qc7 Rh8 $11) 37... Kh6 $11) 36. Qg3 {[%csl Re7][%cal Gg3g5]}
Qb6 37. Qg5+ Kg7 38. Rexe7+ 1-0